00382 a2200145 4500003000400000005001700004008004100021020001800062040000900080082001500089100002800104245006900132260002700201300000800228OSt20231109114309.0231109b |||||||| |||| 00| 0 eng d a9789392455445 coclc a920bPAR/K aParappanangadi, Rasheed aK M Seethi Sahib Karuthanaya karmayogi /cRasheed Parappanangadi aKerala,bGrace:c2022. a61p